| 000 | 00567nam a2200229Ia 4500 | ||
|---|---|---|---|
| 003 | OSt | ||
| 005 | 20221005130740.0 | ||
| 006 | a|||||r|||| 00| 0 | ||
| 007 | ta | ||
| 008 | 221004b |||||||| |||| 00| 0 tam d | ||
| 024 | _a50773 | ||
| 037 | _cTextual | ||
| 040 |
_aCRL _cCRL _btam |
||
| 041 |
_2tam _atam |
||
| 082 | _aO31,3NRAN,3, J7 | ||
| 100 |
_aThijara _9632223 |
||
| 245 | 0 | _aSamarthu maina | |
| 650 | _a TAMIL LITERATURE | ||
| 650 | _aTAMIL FICTION | ||
| 942 |
_hO31,3NRAN,3, J7 _cTEXL _2cc |
||
| 999 |
_c1058277 _d1058277 |
||